00437nam a22001337a 4500008004100000040005500041080002300096100002000119245007000139260004800209300001100257650001900268653001600287230615b |||||||| |||| 00| 0 eng d aNational Science LibrarycNational Science Library a621.392:351.74bP0 aDeka, Kamalesh  aPolice telecommunications: bPerspectives for the new millennium  aNew Delhi: b"Business Inn" Journal, c2000 a207p.  aCommunication  aTechnology